LEADER 04381nam 22010335 450 001 9910785591803321 005 20220416003214.0 010 $a1-283-27738-7 010 $a9786613277381 010 $a0-520-94785-1 024 7 $a10.1525/9780520947856 035 $a(CKB)2670000000067489 035 $a(EBL)646813 035 $a(OCoLC)712769128 035 $a(SSID)ssj0000468559 035 $a(PQKBManifestationID)11287078 035 $a(PQKBTitleCode)TC0000468559 035 $a(PQKBWorkID)10506628 035 $a(PQKB)11057261 035 $a(DE-B1597)519667 035 $a(OCoLC)755976978 035 $a(DE-B1597)9780520947856 035 $a(MiAaPQ)EBC646813 035 $a(dli)HEB31427 035 $a(MiU)MIU01000000000000012918295 035 $a(EXLCZ)992670000000067489 100 $a20200424h20102010 fg 0 101 0 $aeng 135 $aurnn#---|u||u 181 $ctxt 182 $cc 183 $acr 200 10$aDreams That Matter $eEgyptian Landscapes of the Imagination /$fAmira Mittermaier 210 1$aBerkeley, CA :$cUniversity of California Press,$d[2010] 210 4$d©2010 215 $a1 online resource (326 p.) 300 $aDescription based upon print version of record. 311 0 $a0-520-25850-9 320 $aIncludes bibliographical references and index. 327 $tFront matter --$tContents --$tIllustrations --$tAcknowledgments --$tOn Transliterations and Translations --$tPrelude --$tIntroduction: Studying Dreams in Undreamy Times --$t1. Dream Trouble --$t2. Thresholds of Interpretation --$t3. Seeing the (In)visible --$t4. Poetry and Prophecy --$t5. The Ethics of the Visitational Dream --$t6. The Royal Road into the Unknown --$t7. Virtual Realities, Visionary Realities --$tAfterword: On the Politics of Dreaming --$tNotes --$tGlossary --$tBibliography --$tIndex 330 $aDreams that Matter explores the social and material life of dreams in contemporary Cairo. Amira Mittermaier guides the reader through landscapes of the imagination that feature Muslim dream interpreters who draw on Freud, reformists who dismiss all forms of divination as superstition, a Sufi devotional group that keeps a diary of dreams related to its shaykh, and ordinary believers who speak of moving encounters with the Prophet Muhammad. In close dialogue with her Egyptian interlocutors, Islamic textual traditions, and Western theorists, Mittermaier teases out the dream's ethical, political, and religious implications. Her book is a provocative examination of how present-day Muslims encounter and engage the Divine that offers a different perspective on the Islamic Revival. Dreams That Matter opens up new spaces for an anthropology of the imagination, inviting us to rethink both the imagined and the real. 606 $aDreams$xIslam$xReligious aspects$zEgypt$vCase studies 606 $aDream interpretation$zEgypt 606 $aDreams$zEgypt 606 $aEthnopsychology 607 $aEgypt$xReligion 610 $aanthropologists. 610 $aanthropology. 610 $acairo. 610 $acontemporary egypt. 610 $acontemporary history. 610 $acultural history. 610 $adivination. 610 $adivine connection. 610 $adivine dreams. 610 $adream diaries. 610 $adream interpretation. 610 $adream interpreters. 610 $adream theory. 610 $aegypt. 610 $aethnography. 610 $afreud. 610 $ahistorians. 610 $aimagination. 610 $aislamic revival. 610 $aislamic tradition. 610 $amaterial life. 610 $amiddle east studies. 610 $amuslims. 610 $anonfiction. 610 $asocial historians. 610 $asocial history. 610 $asocial reform. 610 $asocial science. 610 $asufi group. 610 $asuperstition. 610 $awestern theorists. 615 0$aDreams$xIslam$xReligious aspects 615 0$aDream interpretation 615 0$aDreams 615 0$aEthnopsychology 676 $a154.63096216 700 $aMittermaier$b Amira$4aut$4http://id.loc.gov/vocabulary/relators/aut$01012897 801 0$bDE-B1597 801 1$bDE-B1597 906 $aBOOK 912 $a9910785591803321 996 $aDreams That Matter$92353320 997 $aUNINA LEADER 03644nam 2200481 450 001 9910809558403321 005 20231110220712.0 010 $a2-8062-5175-3 035 $a(CKB)3790000000017740 035 $a(EBL)2072639 035 $a(OCoLC)912233310 035 $a(MiAaPQ)EBC2072639 035 $a(Au-PeEL)EBL2072639 035 $a(PPN)249696045 035 $a(EXLCZ)993790000000017740 100 $a20220517d2017 uy 1 101 0 $afre 135 $aur|n|---||||| 181 $ctxt$2rdacontent 182 $cc$2rdamedia 183 $acr$2rdacarrier 200 14$aLes Souffrances du Jeune Werther de Goethe (Analyse de L'oeuvre) $eComprendre la Litterature Avec LePetitLitteraire. fr /$fDominique Coutant-Defer, Kelly Carrein 210 1$aCork, Ireland :$cLemaitre Publishing,$d[2017] 210 4$d©2017 215 $a1 online resource (22 p.) 225 1 $aFiche de Lecture 300 $aDescription based upon print version of record. 311 $a2-8062-5219-9 327 $aIntro -- Johann Wolfgang von Goethe -- Les Souffrances du jeune Werther -- Re?sume? -- Livre premier -- Livre second -- L'e?diteur au lecteur -- E?tude des personnages -- Werther -- Charlotte -- Albert -- Cle?s de lecture -- Un roman e?pistolaire -- Un courant litte?raire : le romantisme -- A? l'encontre des m?urs bourgeoises : une re?volution romantique -- Pistes de re?flexion -- Pour aller plus loin. 330 $aDe?cryptez Les Souffrances du jeune Werther de Goethe avec l'analyse du PetitLitteraire.fr !Que faut-il retenir des Souffrances du jeune Werther, le roman e?pistolaire emble?matique du courant romantique allemand ? Retrouvez tout ce que vous devez savoir sur cette ?uvre dans une fiche de lecture comple?te et de?taille?e.Vous trouverez notamment dans cette fiche : Un re?sume? complet Une pre?sentation des personnages principaux tels que Werther, Charlotte Buff et Albert Une analyse des spe?cificite?s de l'?uvre : un roman e?pistolaire et le courant litte?raire du romantismeUne analyse de re?fe?rence pour comprendre rapidement le sens de l'?uvre.LE MOT DE L'E?DITEUR :« Dans cette nouvelle e?dition de notre analyse des Souffrances du jeune Werther (2014), avec Dominque Coutant, nous fournissons des pistes pour de?coder ce chef d'oeuvre romantique de la litte?rature allemande. Notre analyse permet de faire rapidement le tour de l'?uvre et d'aller au-dela? des cliche?s. » Ste?phanie FELTENA? propos de la collection LePetitLitteraire.fr :Ple?biscite? tant par les passionne?s de litte?rature que par les lyce?ens, LePetitLitte?raire.fr est conside?re? comme une re?fe?rence en matie?re d'analyse d'?uvres classiques et contemporaines. Nos analyses, disponibles au format papier et nume?rique, ont e?te? conc?ues pour guider les lecteurs a? travers la litte?rature. Nos auteurs combinent the?ories, citations, anecdotes et commentaires pour vous faire de?couvrir et rede?couvrir les plus grandes ?uvres litte?raires. LePetitLitte?raire.fr est reconnu d'inte?re?t pe?dagogique par le ministe?re de l'E?ducation. Plus d'informations sur http://www.lepetitlitteraire.fr. 410 0$aFiche de Lecture 606 $aMan-woman relationships$vFiction 615 0$aMan-woman relationships 676 $a813.52 700 $aCoutant-Defer$b Dominique$01112765 702 $aCarrein$b Kelly 801 0$bMiAaPQ 801 1$bMiAaPQ 801 2$bMiAaPQ 906 $aBOOK 912 $a9910809558403321 996 $aLes Souffrances du Jeune Werther de Goethe (Analyse de L'oeuvre)$94089880 997 $aUNINA